Pornocuore

保存先:
書誌詳細
第一著者: Reim Riccardo
フォーマット: 図書
言語:言語不明
出版事項: Roma Coniglio 2005
タグ: タグ追加
タグなし, このレコードへの初めてのタグを付けませんか!

MARC

LEADER 00000nam a2200000Ia 4500
001 366
003 NUMERAZIONE-ORIGINALE-BRESCIA
005 20260206230752.0
008 260206s9999 xx 000 0 und d
100 |a Reim Riccardo 
245 0 |a Pornocuore 
260 |a Roma 
260 |b Coniglio 
260 |c 2005 
500 |a Maxima Amoralia 
500 |a Sogni e desideri segreti dei giovani omosessuali 
942 |2 ddc  |c BK  |n 0 
952 |0 0  |1 0  |2 ddc  |4 0  |6 15  |7 0  |9 28564  |a BS  |b BS  |d 2026-02-06  |i 366  |l 0  |o 1-5-*  |r 2026-02-06 22:40:38  |w 2026-02-06  |x [REVISIONARE]  |y BK 
999 |c 24229  |d 24229